Adult Medical Surgical Nursing / (Record no. 1570)

MARC details
000 -LEADER
Fixed length control field 00647nam a2200229Ia 4500
003 - CONTROL NUMBER IDENTIFIER
Control field IIN
005 - DATE AND TIME OF LATEST TRANSACTION
Control field 20240209160109.0
008 - FIXED-LENGTH DATA ELEMENTS--GENERAL INFORMATION
Fixed length control field 231217s9999 xx 000 0 und d
020 ## - INTERNATIONAL STANDARD BOOK NUMBER / ISBN
Price Rs.1125.00
International Standard Book Number 9789386896681
040 ## - CATALOGING SOURCE
Original cataloging agency IIN
Language of cataloging English
082 ## - DEWEY DECIMAL CLASSIFICATION NUMBER
Classification number 610.73699
Book Number VAT
100 1# - MAIN ENTRY--PERSONAL NAME
Personal name Vati,, Joginder
245 #2 - TITLE STATEMENT
Title Adult Medical Surgical Nursing /
Statement of responsibility Joginder Vati, Prabhjoi Kaur & Lakhwinder Kaur
260 ## - IMPRINT
Place of publication Jalandhar :
Name of publisher Lotus ,
Date of publication 2022
300 ## - PHYSICAL DESCRIPTION
Page / Vol. No [14]; 1-1078p.
440 ## - SERIES STATEMENT
Number Vo1.1
650 1# - SUBJECT ADDED ENTRY--TOPICAL TERM
Topical term Medical Surgical
Form subdivision Nursing
650 1# - SUBJECT ADDED ENTRY--TOPICAL TERM
Topical term Adult Health Nursing
700 1# - ADDED ENTRY--PERSONAL NAME
Personal name Kaur, Prabhjoi
700 1# - ADDED ENTRY--PERSONAL NAME
Personal name Kaur, Lakhwinder
942 ## - ADDED ENTRY ELEMENTS (KOHA)
Koha item type Books
Holdings
Withdrawn status Lost status Damaged status Not for loan Collection code Home library Current library Date acquired Price Total Checkouts Call number Accession number Date last seen Copy number Price effective from Koha item type
          IDEAL INSTITUTE OF NURSING IDEAL INSTITUTE OF NURSING 17/12/2023 1125.00   610.73699 VAT 1564 17/12/2023 Vol.1 17/12/2023 Books
          IDEAL INSTITUTE OF NURSING IDEAL INSTITUTE OF NURSING 17/12/2023 1125.00   610.73699 VAT 1565 17/12/2023 Vol.1 17/12/2023 Books
          IDEAL INSTITUTE OF NURSING IDEAL INSTITUTE OF NURSING 17/12/2023 1125.00   610.73699 VAT 1566 27/02/2025 Vol.1 17/12/2023 Books
© Ideal Institute Of Nursing, All rights reserved.         Powered by Koha